000 00725nam a2200229Ia 4500
008 210303s9999 xx 000 0 und d
016 _2reto2022b
020 _a0333143841
040 _aNLN
_bEnglish
050 _aDK246
_b.E85
082 _a947.08
245 0 _aESSAYS in Honour of E. H. Carr /
_cedited by C. Abramsky, assisted by Beryl J. Williams
260 _aLondon :
_bMacMillan,
_c1974
300 _aviii, 387p.
_b1 leaf of plates, port. ;24cm
563 _a(pbk)
650 _aCarr, Edward, 1892
_960106
650 _aRussia
_vHistory
_x19th century
_960107
650 _aRussia
_vHistory
_x20th century
_960108
700 _aAbramsky, C.
_eedt
_960109
700 _aWilliams, Beryl J.
_eedt
_960110
942 _cBK
999 _c20573
_d20573